Statistics for DC Groups of Things

Click here to take the quiz!

General Stats

  • This quiz has been taken 43 times
  • The average score is 22 of 35

Answer Stats

Category Answer % Correct
Original Justice League MembersSuperman
97%
Batman
97%
Wonder Woman
95%
The Flash
92%
Aquaman
87%
George Clooney
85%
Batman v. Superman: Dawn of Justice
82%
Christian Bale
79%
Ben Affleck
79%
Green Lantern
79%
Michael Keaton
77%
Arrowverse Live Action ShowsArrow
74%
Val Kilmer
74%
Justice League
74%
Batman Film ActorsAdam West
72%
DCEU Movies as of 2018Man of Steel
67%
Superman Film ActorsChristopher Reeve
64%
Supergirl
64%
Henry Cavill
62%
Suicide Squad
56%
Martian Manhunter
51%
LEGO DC GamesLEGO Batman: The Videogame
46%
Brandon Routh
41%
DC's Legends of Tomorrow
41%
RobinsDick Grayson
38%
Jason Todd
31%
LEGO Batman 2: DC Superheroes Unite
31%
Damian Wayne
26%
Tim Drake
23%
LEGO Batman 3: Beyond Gotham
21%
LEGO DC Super-Villains
15%
Stephanie Brown
3%

Score Distribution

Percentile by Number Answered

Percent of People with Each Score

Your Score History

You have not taken this quiz